Úspešný festival vo Východnej

Bibliographic Details
Main Author: Nosáľová, Viera, 1930- (Author)
Format: Article
Language:Slovak
Subjects:

MARC

LEADER 00000nab a2200000 ar4500
001 vtls009008436
003 SK-MaSNL
005 20260303065521.0
008 070720c19760708xo |r|p|||||||000 b|slo
015 |a SNBRB1977 
038 |a SNKBUCL 
040 |a SNKBUCL  |b slo  |c SNKBUCL  |e AACR2 
041 |a slo 
044 |a xo  |c SK 
080 |a 783.31.079  |2 1997 
080 |a 784.4  |2 1997 
100 1 |a Nosáľová, Viera,  |d 1930-  |4 aut  |9 40272 
245 1 0 |a Úspešný festival vo Východnej  |c Viera Nosáľová 
500 |a Folklórne slávnosti Východná 1976 
611 2 7 |a Východná  |n (23. :  |d 1976 :  |c Východná, Slovensko)  |2 snkbucl  |9 93747 
651 7 |a Východná (Slovensko)  |2 snkbucl  |9 60319 
773 0 |t Roľnícke noviny  |g (8.7.1976), s. 4 
852 |a SNK  |b KIS3GCP 
958 |a SK 
999 |c 1751510  |d 1753440